Loading...
| Literature - European Literature | 0 | 8 | 0 | 1 | 80 | 37 | 67.63 | 3 | 6 |
| Literature - British Literature | 0 | 6 | 0 | 0 | 60 | 29 | 85.17 | 2 | 4 |
| Fine Arts - Other Fine Arts | 0 | 5 | 0 | 0 | 50 | 43 | 64.40 | 0 | 5 |
| Literature - American Literature | 0 | 5 | 0 | 0 | 50 | 60 | 81.60 | 1 | 4 |
| Literature - World Literature | 0 | 4 | 0 | 1 | 40 | 57 | 83.25 | 0 | 2 |
| Religion | 0 | 4 | 0 | 2 | 40 | 70 | 95.50 | 0 | 2 |
| Science - Other Science | 0 | 4 | 0 | 1 | 40 | 45 | 74.00 | 0 | 1 |
| History - Other History | 0 | 4 | 0 | 2 | 40 | 49 | 86.25 | 1 | 2 |
| Mythology | 0 | 4 | 1 | 1 | 35 | 56 | 81.75 | 1 | 1 |
| History - World History | 0 | 3 | 0 | 1 | 30 | 50 | 72.33 | 0 | 0 |
| Painting/Sculpture | 0 | 3 | 1 | 0 | 25 | 68 | 78.00 | 0 | 2 |
| Social Science | 0 | 2 | 0 | 0 | 20 | 82 | 92.00 | 0 | 2 |
| History - American History | 0 | 2 | 0 | 1 | 20 | 84 | 89.00 | 0 | 0 |
| Philosophy | 0 | 2 | 0 | 1 | 20 | 61 | 81.00 | 0 | 0 |
| Science - Biology | 0 | 2 | 0 | 0 | 20 | 66 | 79.50 | 1 | 1 |
| Pop Culture | 0 | 1 | 0 | 0 | 10 | 53 | 53.00 | 0 | 1 |
| Geography | 0 | 1 | 0 | 0 | 10 | 78 | 78.00 | 0 | 1 |
| Current Events | 0 | 1 | 0 | 1 | 10 | 109 | 109.00 | 0 | 0 |
| History - European History | 0 | 1 | 0 | 0 | 10 | 100 | 100.00 | 0 | 0 |
| Fine Arts - Classical Music | 0 | 1 | 0 | 0 | 10 | 92 | 92.00 | 0 | 0 |